| 000 | 02425aam a2200445 i 4500 | ||
|---|---|---|---|
| 001 | 768714001 | ||
| 003 | CO-MdFUSB | ||
| 005 | 20240919143631.0 | ||
| 007 | ta | ||
| 007 | cr aa aaaaa | ||
| 008 | 200717b ||||| |||| 00| 0 eng d | ||
| 020 |
_a9788482674629 _qimpreso |
||
| 020 |
_a9788482676807 _qelectrónico |
||
| 040 |
_bspa. _aCO-MdFUSB _cCO-MdFUSB _dCO-MdFUSBC _erda |
||
| 041 | 0 | _aspa | |
| 082 | 0 | 4 |
_aR 220.7 _2E22c |
| 100 | 1 |
_aEdersheim, Alfred, (1825-1889) _eautor |
|
| 245 |
_aComentario bíblico histórico _c/ Alfred Edersheim ; traducido por: George Peter Grayling y Xavier Vila _h[Físico y electrónico] |
||
| 264 | 1 |
_aBarcelona : _bClie, _c[2009] |
|
| 264 | 4 | _c© 2009 | |
| 300 |
_a1411 páginas. _c; |
||
| 336 |
_2rdacontent _atexto _btxt |
||
| 337 |
_2rdamedia _asin mediación _bn |
||
| 337 |
_2rdamedia _ainformático _bc |
||
| 338 |
_2rdacarrier _avolumen _bnc |
||
| 338 |
_2rdacarrier _aremoto _bcr |
||
| 500 | _aIncluye índice analítico general e índice de autores citados en la obra | ||
| 501 | _apasta dura | ||
| 505 | _aLa creación, el diluvio y los patriarcas -- El Éxodo y la travesía por el desierto -- Israel en Canaán bajo Josué y los Jueces -- Israel en Canaán bajo Samuel. Saúl y David -- La historia de Judá e Israel desde el nacimiento de Salomón hasta el reinado de Acab -- La historia de Israel y Judá desde el reinado de Acab hasta la decadencia de los dos reinos -- La historia de Israel y Judá desde la decadencia de los dos reinos hasta la cautividad en Asiria y Babilonia\ Periodo intertestamentario: la preparación para el evangelio: el mundo judío en los días de Cristo\ Nuevo Testamento: desde el pesebre de Belén al bautismo en el Jordán -- Del Jordán al monte de la transfiguración -- Desde el monte de la transfiguración al valle de la humillación y la muerte -- La cruz y la corona -- Apéndices al Nuevo Testamento | ||
| 506 | _aPréstamo en biblioteca del libro físico | ||
| 506 | _aSolicitar clave y usuario para acceder al libro electrónico. | ||
| 506 | _aLibro multiusuario. | ||
| 563 | _aRùstico | ||
| 650 | 0 |
_aBiblia _916 |
|
| 653 | _aHistoria | ||
| 856 |
_b 2168323 _uhttp://search.ebscohost.com/login.aspx?direct=true&scope=site&db=nlebk&db=nlabk&AN=2168323 _zAbrir Versión electrónica del libro Comentario bíblico histórico |
||
| 942 | _cBK | ||
| 945 | _aJTF-925 | ||
| 999 |
_c44512 _d44512 |
||